<?xml version="1.0" encoding="UTF-8"?>
<record
    xmlns:xsi="http://www.w3.org/2001/XMLSchema-instance"
    xsi:schemaLocation="http://www.loc.gov/MARC21/slim http://www.loc.gov/standards/marcxml/schema/MARC21slim.xsd"
    xmlns="http://www.loc.gov/MARC21/slim">

  <leader>01341nas a2200337 i 4500</leader>
  <controlfield tag="001">2823</controlfield>
  <controlfield tag="003">ES-MaACL</controlfield>
  <controlfield tag="005">20250813110909.0</controlfield>
  <controlfield tag="007">t|</controlfield>
  <controlfield tag="008">001215c1993    sp f|         |  0 ||pa d</controlfield>
  <datafield tag="022" ind1=" " ind2=" ">
    <subfield code="a">1133-5165</subfield>
  </datafield>
  <datafield tag="080" ind1=" " ind2=" ">
    <subfield code="a">(460)</subfield>
  </datafield>
  <datafield tag="080" ind1=" " ind2=" ">
    <subfield code="a">001</subfield>
  </datafield>
  <datafield tag="080" ind1=" " ind2=" ">
    <subfield code="a">1</subfield>
  </datafield>
  <datafield tag="245" ind1="0" ind2="0">
    <subfield code="a">Ludus vitalis </subfield>
    <subfield code="b">: revista de filosof&#xED;a de las ciencias de la vida = journal of philosophy of life sciences = revue de philosophie des sciences de la vie / </subfield>
    <subfield code="c">[Centro de Estudios Filos&#xF3;ficos, Pol&#xED;ticos y Sociales "Vicente Lombardo Toledano"].</subfield>
  </datafield>
  <datafield tag="260" ind1=" " ind2=" ">
    <subfield code="a">Sant Cugat del Vall&#xE9;s : </subfield>
    <subfield code="b">Anthropos, </subfield>
    <subfield code="c">1993-</subfield>
  </datafield>
  <datafield tag="300" ind1=" " ind2=" ">
    <subfield code="a">3 v. ; </subfield>
    <subfield code="c">23 cm.</subfield>
  </datafield>
  <datafield tag="310" ind1=" " ind2=" ">
    <subfield code="a">Semestral</subfield>
  </datafield>
  <datafield tag="362" ind1="0" ind2=" ">
    <subfield code="a">Vol. 1, n&#xBA; 1 (1993)-</subfield>
  </datafield>
  <datafield tag="546" ind1=" " ind2=" ">
    <subfield code="a">Texto en espa&#xF1;ol, franc&#xE9;s e ingl&#xE9;s.</subfield>
  </datafield>
  <datafield tag="650" ind1="1" ind2="7">
    <subfield code="a">Ciencia</subfield>
    <subfield code="2">embne</subfield>
    <subfield code="9">10929</subfield>
  </datafield>
  <datafield tag="650" ind1="1" ind2="7">
    <subfield code="a">Filosof&#xED;a</subfield>
    <subfield code="2">embne</subfield>
    <subfield code="9">12802</subfield>
  </datafield>
  <datafield tag="655" ind1=" " ind2="7">
    <subfield code="2">tgfbne</subfield>
    <subfield code="9">226866</subfield>
    <subfield code="a">Revistas</subfield>
  </datafield>
  <datafield tag="710" ind1="2" ind2=" ">
    <subfield code="a">Centro de Estudios Filos&#xF3;ficos, Pol&#xED;ticos y Sociales "Vicente Lombardo Toledano" (M&#xE9;xico)</subfield>
    <subfield code="9">2629</subfield>
  </datafield>
  <datafield tag="852" ind1=" " ind2=" ">
    <subfield code="a">ES-MaACL</subfield>
    <subfield code="j">Hem-1955</subfield>
    <subfield code="c">HEM</subfield>
    <subfield code="z">Expurgado marzo 2025: posterior 1958; sin encuadernar; en acceso abierto</subfield>
  </datafield>
  <datafield tag="856" ind1=" " ind2=" ">
    <subfield code="u">https://dialnet.unirioja.es/servlet/revista?codigo=3420</subfield>
    <subfield code="y">Sumarios de la revista en Dialnet</subfield>
  </datafield>
  <datafield tag="866" ind1=" " ind2="0">
    <subfield code="o">1993-97(1998 f.n11).</subfield>
  </datafield>
  <datafield tag="942" ind1=" " ind2=" ">
    <subfield code="2">udc</subfield>
    <subfield code="c">PERIODICA</subfield>
  </datafield>
  <datafield tag="999" ind1=" " ind2=" ">
    <subfield code="c">2823</subfield>
    <subfield code="d">2823</subfield>
  </datafield>
</record>
